Экспериментальные исследования процесса электроразогрева картерного масла; Инновационные технологии и экономика в машиностроении

Bibliografiske detaljer
Parent link:Инновационные технологии и экономика в машиностроении.— 2015.— [С. 460-463]
Hovedforfatter: Корчуганова М. А. Марина Анатольевна
Institution som forfatter: Национальный исследовательский Томский политехнический университет (ТПУ) Юргинский технологический институт (филиал) (ЮТИ) Кафедра агроинженерии (АИ)
Andre forfattere: Сырбаков А. П. Андрей Павлович
Summary:Заглавие с титульного экрана
Sprog:russisk
Udgivet: 2015
Serier:Передовые технологии и техника для агропромышленного комплекса (АПК) и разработки недр
Fag:
Online adgang:http://earchive.tpu.ru/handle/11683/19782
http://www.lib.tpu.ru/fulltext/c/2015/C30/113.pdf
Format: MixedMaterials Electronisk Book Chapter
KOHA link:https://koha.lib.tpu.ru/cgi-bin/koha/opac-detail.pl?biblionumber=613022

MARC

LEADER 00000naa2a2200000 4500
001 613022
005 20231102023410.0
035 |a (RuTPU)RU\TPU\conf\11153 
035 |a RU\TPU\conf\11151 
090 |a 613022 
100 |a 20150703d2015 k y0rusy50 ca 
101 0 |a rus 
102 |a RU 
105 |a y z 101zy 
135 |a drcn ---uucaa 
181 0 |a i  
182 0 |a b 
200 1 |a Экспериментальные исследования процесса электроразогрева картерного масла  |f М. А. Корчуганова, А. П. Сырбаков 
203 |a Текст  |c электронный 
225 1 |a Передовые технологии и техника для агропромышленного комплекса (АПК) и разработки недр 
230 |a 1 компьютерный файл (pdf; 427 Кb) 
300 |a Заглавие с титульного экрана 
320 |a [Библиогр.: с. 463 (8 назв.)] 
337 |a Adobe Reader 
463 0 |0 (RuTPU)RU\TPU\conf\10375  |t Инновационные технологии и экономика в машиностроении  |o сборник трудов VI Международной научно-практической конференции, 21-23 мая 2015 г., Юрга  |f Национальный исследовательский Томский политехнический университет (ТПУ), Юргинский технологический институт (ЮТИ) ; под ред. Д. А. Чинахова  |v [С. 460-463]  |d 2015 
610 1 |a труды учёных ТПУ 
610 1 |a электронный ресурс 
610 1 |a электроразогрев 
610 1 |a двигатели 
610 1 |a охлаждающие жидкости 
610 1 |a сельское хозяйство 
610 1 |a абразивное изнашивание 
700 1 |a Корчуганова  |b М. А.  |c специалист в области информатики и вычислительной техники  |c доцент Юргинского технологического института (филиала) Томского политехнического университета  |f 1972-  |g Марина Анатольевна  |2 stltpush  |3 (RuTPU)RU\TPU\pers\24295  |9 10760 
701 1 |a Сырбаков  |b А. П.  |c доцент, кандидат технических наук  |c Юргинский технологический институт (филиал) Томского политехнического университета  |g Андрей Павлович  |2 stltpush  |3 (RuTPU)RU\TPU\pers\24303 
712 0 2 |a Национальный исследовательский Томский политехнический университет (ТПУ)  |b Юргинский технологический институт (филиал) (ЮТИ)  |b Кафедра агроинженерии (АИ)  |h 1490  |2 stltpush  |3 (RuTPU)RU\TPU\col\19136 
801 2 |a RU  |b 63413507  |c 20210205  |g RCR 
856 4 |u http://earchive.tpu.ru/handle/11683/19782 
856 4 |u http://www.lib.tpu.ru/fulltext/c/2015/C30/113.pdf 
942 |c BK